000
00328nam a22001337a 4500
008
180917b xxu||||| |||| 00| 0 eng d
020
_a
9780135043943
041
_a
eng
080
_2
4 ED
_a
610.73
100
_a
2
101
_a
NUR
245
_a
Informatics For Nurses Healthcare Profesionals
_c
Hebda.t
942
_2
udc
_c
BK
999
_c
47856
_d
47856